| 000 | 00889nam a2200253Ia 4500 | ||
|---|---|---|---|
| 003 | OSt | ||
| 005 | 20221005113316.0 | ||
| 006 | a|||||r|||| 00| 0 | ||
| 007 | ta | ||
| 008 | 221004b |||||||| |||| 00| 0 pan d | ||
| 020 |
_a9788130203133 (pbk) _c250 |
||
| 024 | _a26973 | ||
| 037 |
_b975, 16/12/2015, H.K. Prakashan _cTextual |
||
| 040 |
_aCRL _cCRL _bpan |
||
| 041 |
_2pan _apan |
||
| 082 | _aR3xM92, 153Q5 | ||
| 100 | _aਗਿੱਲ, ਤੇਜਵੰਤ ਸਿੰਘ | ||
| 245 | 0 | _aਵਾਲਟਰ ਬੈ੍ਵਜਾਮਿਨ | |
| 260 |
_aਪਟਿਆਲਾ _bਪੰਜਾਬੀ ਯੂਨੀਵਰਸਿਟੀ ਭਾਰਤ _c2015 |
||
| 300 |
_a207ਪੰ _ccm. |
||
| 650 |
_aਣOFਨ FਾਂਸਛO _9157433 |
||
| 942 |
_hR3xM92, 153Q5 _cTEXL _2cc |
||
| 999 |
_c1027749 _d1027749 |
||